| 000 | 01131 a2200217 4500 | ||
|---|---|---|---|
| 008 | 081117t xxu||||| |||| 00| 0 hin d | ||
| 010 | _aB-307332 | ||
| 020 |
_a8170558220 _c125.00 |
||
| 035 | _aB-307332 | ||
| 037 | _bवाणी प्रका. | ||
| 040 |
_adpl _bhn |
||
| 082 | _aक | ||
| 100 | _aदूधनाथ सिंह | ||
| 245 |
_aधर्मक्षेत्रे कुरूक्षेत्रे / _cदूधनाथ सिंह |
||
| 260 |
_aनई दिल्ली _bवाणी प्रकाशन _c2001 |
||
| 270 |
_a21-ए, दरियागंज _bदिल्ली _e110002 |
||
| 300 |
_a136पृ. _c22सेमी (सजिल्द) |
||
| 942 |
_adpl _cHN _kक / दूधना _2ddc _hक _mदूधना |
||
| 999 |
_c12796 _d12796 |
||